000 00260nam a22001217a 4500
008 180202b xxu||||| |||| 00| 0 eng d
041 _aeng
080 _a574
100 _a9
101 _aMJE
245 _aCutting Energy Costs
_cBergland, B
942 _2udc
_cBK
999 _c41611
_d41611